<?xml version="1.0" encoding="UTF-8"?>
<marc:record xmlns:marc="http://www.loc.gov/MARC21/slim">
   <marc:leader>00000nam a2200000 a 4500</marc:leader>
   <marc:datafield ind1="1" ind2=" " tag="100">
      <marc:subfield code="a">Frisch, Hermann-Josef</marc:subfield>
      <marc:subfield code="4">aut</marc:subfield>
      <marc:subfield code="e">Verfasser/-in</marc:subfield>
   </marc:datafield>
   <marc:datafield ind1=" " ind2=" " tag="653">
      <marc:subfield code="a">Christen</marc:subfield>
   </marc:datafield>
   <marc:datafield ind1=" " ind2=" " tag="653">
      <marc:subfield code="a">Koran</marc:subfield>
   </marc:datafield>
   <marc:datafield ind1=" " ind2=" " tag="653">
      <marc:subfield code="a">Gemeinsamkeit</marc:subfield>
   </marc:datafield>
   <marc:datafield ind1="0" ind2="0" tag="245">
      <marc:subfield code="a">Der Koran für Christen</marc:subfield>
   </marc:datafield>
   <marc:datafield ind1="0" ind2="0" tag="245">
      <marc:subfield code="b">Gemeinsamkeiten entdecken</marc:subfield>
   </marc:datafield>
   <marc:datafield ind1=" " ind2="1" tag="264">
      <marc:subfield code="b">Herder</marc:subfield>
      <marc:subfield code="c">2016</marc:subfield>
   </marc:datafield>
   <marc:datafield ind1="1" ind2=" " tag="520">
      <marc:subfield code="a">äDieses Buch eröffnet Zugänge zum Koran und seiner Botschaft. Es informiert über die Entstehung des Korans und seiner Themen. Es vergleicht Aussagen des Korans mit denen der Bibel und öffnet so einen Weg zum Verständnis des Glaubens der Muslime und zum Gespräch zwischen den Religionen.ô (aus dem Umschlagtext). Der Autor erklärt mit einer verständlichen Sprache und einer übersichtlichen Systematik alle wichtigen Glaubensfragen und Themenbereiche. Dabei setzt er einerseits kein spezielles Fachwissen voraus, geht aber andererseits so weit in die Tiefe und Breite, dass das Werk auch für Theologen ein echter Gewinn ist. Unbedingt zu empfehlen! -mf- (2016)</marc:subfield>
   </marc:datafield>
   <marc:datafield ind1="3" ind2=" " tag="024">
      <marc:subfield code="a">9783451348457</marc:subfield>
   </marc:datafield>
</marc:record>
